[Event "Antioquia op-B"]
[Site "Medellin"]
[Date "2017.04.30"]
[Round "6"]
[White "Gomez Marin, Fernando Antonio"]
[Black "Jurado, Yirlei Katherine"]
[Result "0-1"]
[WhiteElo "1600"]
[BlackElo "1431"]
[PlyCount "70"]
[EventDate "2017.04.27"]
[EventType "swiss"]
[EventRounds "7"]
[EventCountry "COL"]
[SourceTitle "EXT 2019"]
[Source "ChessBase"]
[SourceDate "2018.10.10"]
[SourceVersion "1"]
[SourceVersionDate "2018.10.10"]
[SourceQuality "1"]

1. d4 d5 2. Bf4 Nf6 3. e3 Bf5 4. Nf3 e6 5. c4 c5 6. Ne5 Nbd7 7. Qb3 b6 8. cxd5 exd5 9. Nc3 Be7 10. Ba6 0-0 11. Nxd5 Nxd5 12. Qxd5 Be6 13. Qe4 Nf6 14. Qd3 Qd5 15. 0-0 Nh5 16. Bc4 Nxf4 17. exf4 Qxd4 18. Qxd4 cxd4 19. Bxe6 fxe6 20. g3 Rac8 21. Rac1 Bf6 22. Rfd1 Bxe5 23. fxe5 Rc5 24. f4 Rfc8 25. Rxc5 bxc5 26. b4 cxb4 27. Rxd4 a5 28. Rd2 a4 29. g4 Rc4 30. Rf2 b3 31. axb3 axb3 32. Rf3 b2 33. Rb3 Rc1+ 34. Kg2 b1Q 35. Rf3 Qe4 0-1

[Event "Medellin Flores op 23rd"]
[Site "Medellin"]
[Date "2016.08.07"]
[Round "8"]
[White "Herrera Yeider, Farit"]
[Black "Jurado, Yirlei Katherine"]
[Result "0-1"]
[WhiteElo "1283"]
[BlackElo "1433"]
[PlyCount "62"]
[EventDate "2016.08.03"]
[EventType "swiss"]
[EventRounds "9"]
[EventCountry "COL"]
[SourceTitle "CBM 173 Extra"]
[Source "ChessBase"]
[SourceDate "2016.08.29"]
[SourceVersion "1"]
[SourceVersionDate "2016.08.29"]
[SourceQuality "1"]

1. e4 c5 2. Nf3 Nc6 3. Bb5 g6 4. Bxc6 bxc6 5. d3 Bg7 6. 0-0 Nf6 7. h3 0-0 8. e5 Nd5 9. Nbd2 d6 10. Re1 Qc7 11. exd6 exd6 12. c3 Bf5 13. Nc4 Qd7 14. Ne3 Rfe8 15. Nxf5 Qxf5 16. Re2 Nf4 17. Bxf4 Qxf4 18. Qe1 Kf8 19. Re4 Rxe4 20. Qxe4 Qxe4 21. dxe4 Rb8 22. Rd1 Rxb2 23. Rxd6 Bxc3 24. Rxc6 Bb4 25. Ra6 c4 26. Rxa7 c3 27. Ne5 Bd6 28. Nd7+ Kg7 29. e5 c2 30. exd6 c1Q+ 31. Kh2 Qf4+ 0-1

[Event "COL-ch U18 sf1 Girls"]
[Site "Medellin"]
[Date "2016.04.23"]
[Round "5.3"]
[White "Jurado, Yirlei Katherine"]
[Black "Calderon Zuluaga, Andrea"]
[Result "1/2-1/2"]
[WhiteElo "1527"]
[BlackElo "1710"]
[PlyCount "49"]
[EventDate "2016.04.21"]
[EventType "swiss"]
[EventRounds "5"]
[EventCountry "COL"]
[SourceTitle "EXT 2024"]
[Source "ChessBase"]
[SourceDate "2023.10.10"]
[SourceVersion "1"]
[SourceVersionDate "2023.10.10"]
[SourceQuality "1"]

1. e4 c5 2. Nf3 Nc6 3. d4 cxd4 4. Nxd4 e5 5. Nb3 Nf6 6. f3 d5 7. Bg5 d4 8. Bc4 Be7 9. 0-0 0-0 10. c3 Qb6 11. Kh1 Rd8 12. Qe2 dxc3 13. Nxc3 Nd4 14. Qf2 Qb4 15. Rac1 Rd7 16. Bxf6 Bxf6 17. Nd5 Qd6 18. Rcd1 b6 19. Rd2 Bb7 20. Nxf6+ Qxf6 21. Rfd1 Rad8 22. Qe3 Rd6 23. Nxd4 Rxd4 24. h3 g6 25. Qc3 1/2-1/2

[Event "COL-ch U18 sf1 Girls"]
[Site "Medellin"]
[Date "2016.04.22"]
[Round "3.4"]
[White "Ascencio Leuro, Rosa Patricia"]
[Black "Jurado, Yirlei Katherine"]
[Result "0-1"]
[WhiteElo "1583"]
[BlackElo "1527"]
[PlyCount "75"]
[EventDate "2016.04.21"]
[EventType "swiss"]
[EventRounds "5"]
[EventCountry "COL"]
[SourceTitle "EXT 2024"]
[Source "ChessBase"]
[SourceDate "2023.10.10"]
[SourceVersion "1"]
[SourceVersionDate "2023.10.10"]
[SourceQuality "1"]

1. e4 c5 2. Nf3 Nc6 3. d4 cxd4 4. Nxd4 g6 5. Nc3 Bg7 6. Be3 Nf6 7. Bd3 0-0 8. 0-0 Ng4 9. Nxc6 dxc6 10. Qd2 Nxe3 11. fxe3 Be6 12. Rad1 Qb6 13. b3 Rad8 14. Qe2 Bxc3 15. Bc4 Bxc4 16. Qxc4 Qxe3+ 17. Kh1 Bg7 18. Rxd8 Rxd8 19. Qxf7+ Kh8 20. Qxe7 Qd4 21. h3 Qd7 22. Rf7 Qxe7 23. Rxe7 b5 24. Rxa7 Rd1+ 25. Kh2 Be5+ 26. g3 Rd2+ 27. Kh1 Rxc2 28. Ra8+ Kg7 29. Rc8 Bxg3 30. a4 bxa4 31. bxa4 Rc4 32. Kg2 Be5 33. a5 Rxe4 34. Rxc6 Ra4 35. a6 Bd4 36. Rd6 Ra2+ 37. Kf3 Bg1 38. Rd7+ 0-1

[Event "COL-ch U18 sf1 Girls"]
[Site "Medellin"]
[Date "2016.04.21"]
[Round "1.1"]
[White "Toro Castaneda, Elizabeth"]
[Black "Jurado, Yirlei Katherine"]
[Result "1-0"]
[WhiteElo "1773"]
[BlackElo "1527"]
[PlyCount "27"]
[EventDate "2016.04.21"]
[EventType "swiss"]
[EventRounds "5"]
[EventCountry "COL"]
[SourceTitle "EXT 2024"]
[Source "ChessBase"]
[SourceDate "2023.10.10"]
[SourceVersion "1"]
[SourceVersionDate "2023.10.10"]
[SourceQuality "1"]

1. e4 Nf6 2. d4 g6 3. Nc3 c5 4. Nf3 cxd4 5. Nxd4 Nc6 6. Be3 Bg7 7. f4 0-0 8. Be2 d6 9. 0-0 b6 10. h3 a6 11. Nb3 Bb7 12. Qd2 d5 13. e5 d4 14. Nxd4 1-0

[Event "COL-ch U20 Girls"]
[Site "Medellin"]
[Date "2016.03.18"]
[Round "5"]
[White "Becerra Fonseca, Camila Andrea"]
[Black "Jurado, Yirlei Katherine"]
[Result "0-1"]
[WhiteElo "1378"]
[BlackElo "1571"]
[PlyCount "60"]
[EventDate "2016.03.16"]
[EventType "swiss"]
[EventRounds "7"]
[EventCountry "COL"]
[SourceTitle "CBM 171 Extra"]
[Source "ChessBase"]
[SourceDate "2016.04.26"]
[SourceVersion "1"]
[SourceVersionDate "2016.04.26"]
[SourceQuality "1"]

1. d4 d5 2. Nf3 Nf6 3. c4 c6 4. Nc3 Bf5 5. e3 e6 6. Be2 c5 7. 0-0 Be7 8. b3 0-0 9. Bb2 Nc6 10. Bd3 Bg4 11. h3 Bxf3 12. Qxf3 cxd4 13. exd4 Nxd4 14. Qd1 Nc6 15. Qc2 h6 16. Ne2 Nb4 17. Qd2 Nxd3 18. Qxd3 Rc8 19. cxd5 Qxd5 20. Qg3 Qd2 21. Bxf6 Bxf6 22. Rae1 Qxa2 23. Nf4 Qa5 24. Qg4 Qg5 25. Qf3 Rc3 26. Re3 Rxe3 27. fxe3 Qb5 28. e4 Bg5 29. Ng6 Qc5+ 30. Kh1 fxg6 0-1

[Event "COL-ch U12 Girls"]
[Site "Bogota"]
[Date "2015.05.18"]
[Round "9"]
[White "Diaz, Luisa Fernanda"]
[Black "Jurado, Yirlei Katherine"]
[Result "1-0"]
[WhiteElo "1437"]
[BlackElo "1566"]
[PlyCount "95"]
[EventDate "2015.05.13"]
[EventType "tourn"]
[EventRounds "9"]
[EventCountry "COL"]
[SourceTitle "CBM 166 Extra"]
[Source "ChessBase"]
[SourceDate "2015.06.18"]
[SourceVersion "1"]
[SourceVersionDate "2015.06.18"]
[SourceQuality "1"]

1. e4 c5 2. Nf3 Nc6 3. d4 cxd4 4. Nxd4 g6 5. Nc3 Bg7 6. Nb3 Nf6 7. Be2 0-0 8. 0-0 a5 9. a4 e6 10. Re1 d5 11. exd5 Nxd5 12. Nxd5 exd5 13. Bf3 d4 14. Nc5 Nb4 15. Bd2 Qb6 16. Nb3 d3 17. Bxb4 dxc2 18. Qxc2 Qxb4 19. Nc5 Bf5 20. Nd3 Qd6 21. Be4 Rac8 22. Qd1 Bxe4 23. Rxe4 Rfd8 24. Re3 Rc5 25. Qb3 Rd5 26. Rd1 Qc6 27. Rf3 Rd4 28. Qxf7+ Kh8 29. Qb3 R8d7 30. h3 Qc7 31. Re1 Qd8 32. Nc5 Rd1 33. Rfe3 Rxe1+ 34. Rxe1 Re7 35. Rd1 Qe8 36. Nd3 Bd4 37. Kf1 Re2 38. Re1 Rxe1+ 39. Nxe1 Qf8 40. Nf3 Qc5 41. Nxd4 Qxd4 42. Qc3 Qxc3 43. bxc3 Kg7 44. Ke2 Kf6 45. Kd3 Ke5 46. Ke3 Kd5 47. f4 Kc4 48. g4 1-0

[Event "COL-ch U12 Girls"]
[Site "Bogota"]
[Date "2015.05.17"]
[Round "8"]
[White "Jurado, Yirlei Katherine"]
[Black "Perez Valcarcel, Maria Jose"]
[Result "1-0"]
[WhiteElo "1566"]
[BlackElo "1370"]
[PlyCount "81"]
[EventDate "2015.05.13"]
[EventType "tourn"]
[EventRounds "9"]
[EventCountry "COL"]
[SourceTitle "CBM 166 Extra"]
[Source "ChessBase"]
[SourceDate "2015.06.18"]
[SourceVersion "1"]
[SourceVersionDate "2015.06.18"]
[SourceQuality "1"]

1. e4 c5 2. Nf3 d6 3. d4 cxd4 4. Nxd4 a6 5. Bc4 Nf6 6. Nc3 e6 7. Bb3 Be7 8. Bg5 b5 9. a3 0-0 10. Qe2 Bb7 11. f4 h6 12. Bh4 Nxe4 13. Bxe7 Nxc3 14. Qxe6 Qa5 15. Qxd6 Ne4+ 16. Qb4 Qxb4+ 17. Bxb4 Re8 18. 0-0-0 Nf2 19. Rhe1 Nd7 20. Rxe8+ Rxe8 21. Rf1 Ng4 22. Nf5 Re2 23. Bxf7+ Kxf7 24. Nd6+ Kg6 25. Nxb7 Rxg2 26. Rd1 Ndf6 27. h3 Ne3 28. Rd3 Rxc2+ 29. Kb1 Re2 30. Nc5 Ned5 31. Nxa6 Nxf4 32. Rg3+ Kh5 33. Rxg7 Nxh3 34. Nc7 Nf4 35. Nxb5 Nd3 36. Bc3 Ne4 37. a4 Nec5 38. Nd4 Rh2 39. a5 Rh1+ 40. Ka2 Nc1+ 41. Ka3 1-0

[Event "COL-ch U12 Girls"]
[Site "Bogota"]
[Date "2015.05.15"]
[Round "5"]
[White "Bernal Parra, Eliana Valentina"]
[Black "Jurado, Yirlei Katherine"]
[Result "1/2-1/2"]
[WhiteElo "1461"]
[BlackElo "1566"]
[PlyCount "62"]
[EventDate "2015.05.13"]
[EventType "tourn"]
[EventRounds "9"]
[EventCountry "COL"]
[SourceTitle "CBM 166 Extra"]
[Source "ChessBase"]
[SourceDate "2015.06.18"]
[SourceVersion "1"]
[SourceVersionDate "2015.06.18"]
[SourceQuality "1"]

1. e4 d5 2. exd5 Qxd5 3. Nc3 Qa5 4. Nf3 Nf6 5. Bc4 Bg4 6. d3 Nc6 7. h3 Qh5 8. Rg1 Bxf3 9. Qxf3 Qxf3 10. gxf3 Nd4 11. Kd1 Nxf3 12. Rg3 Ne5 13. Bb3 e6 14. Bf4 Bd6 15. Bxe5 Bxe5 16. Rxg7 Nd5 17. Nxd5 Bxg7 18. Nxc7+ Kd7 19. Nxa8 Bxb2 20. Rb1 Be5 21. Ke2 Rxa8 22. Rg1 Rc8 23. Rg5 Bf6 24. Rb5 b6 25. Rb4 Bc3 26. Rc4 Rxc4 27. Bxc4 Bf6 28. Ke3 Bh4 29. f3 f6 30. Ke4 e5 31. Bg8 h6 1/2-1/2

[Event "COL-ch U12 Girls"]
[Site "Bogota"]
[Date "2015.05.14"]
[Round "2"]
[White "Mogollon Tovar, Diana Alejandra"]
[Black "Jurado, Yirlei Katherine"]
[Result "0-1"]
[WhiteElo "1519"]
[BlackElo "1566"]
[PlyCount "38"]
[EventDate "2015.05.13"]
[EventType "tourn"]
[EventRounds "9"]
[EventCountry "COL"]
[SourceTitle "CBM 166 Extra"]
[Source "ChessBase"]
[SourceDate "2015.06.18"]
[SourceVersion "1"]
[SourceVersionDate "2015.06.18"]
[SourceQuality "1"]

1. e4 c5 2. Bc4 Nc6 3. Nf3 g6 4. c3 Bg7 5. 0-0 Nf6 6. d3 0-0 7. Be3 b6 8. Qd2 Ng4 9. d4 cxd4 10. cxd4 Nxe3 11. fxe3 Bb7 12. Ng5 e6 13. d5 Qxg5 14. dxc6 Bxc6 15. Nc3 d5 16. exd5 exd5 17. Bxd5 Bxc3 18. bxc3 Qxd5 19. Qxd5 Bxd5 0-1

[Event "COL-ch U12 Girls"]
[Site "Bogota"]
[Date "2015.05.13"]
[Round "1"]
[White "Jurado, Yirlei Katherine"]
[Black "Olier Robayo, Mishelle Dayana"]
[Result "0-1"]
[WhiteElo "1566"]
[BlackElo "1503"]
[PlyCount "112"]
[EventDate "2015.05.13"]
[EventType "tourn"]
[EventRounds "9"]
[EventCountry "COL"]
[SourceTitle "CBM 166 Extra"]
[Source "ChessBase"]
[SourceDate "2015.06.18"]
[SourceVersion "1"]
[SourceVersionDate "2015.06.18"]
[SourceQuality "1"]

1. e4 b6 2. d3 Bb7 3. f4 e6 4. Nf3 Be7 5. Qe2 d6 6. Qf2 Nf6 7. Be2 Nbd7 8. 0-0 c5 9. Nh4 Nxe4 10. dxe4 Bxh4 11. Qf3 Bf6 12. Nd2 Qc7 13. Qd3 Ke7 14. c3 Rag8 15. Nf3 h5 16. f5 g5 17. fxg6 Rxg6 18. Bf4 Rhg8 19. Rf2 h4 20. h3 a6 21. Raf1 b5 22. Bg5 Bxg5 23. Nxg5 Rxg5 24. Rxf7+ Ke8 25. Bg4 Re5 26. Qe2 Qb6 27. Bh5 Kd8 28. Qf2 Rxh5 29. Rxd7+ Kxd7 30. Qf7+ Kc6 31. Qxg8 c4+ 32. Kh1 Re5 33. Rf6 Rxe4 34. Rxe6 Rxe6 35. Qxe6 Qd8 36. Qe4+ d5 37. Qe6+ Qd6 38. Qe8+ Kc7 39. Qf7+ Kb8 40. Qf2 Qg3 41. Kg1 Qxf2+ 42. Kxf2 Kc7 43. g3 hxg3+ 44. Kxg3 Kd6 45. Kf4 Kc5 46. Ke5 Bc8 47. h4 Bg4 48. Kf4 Bd1 49. Ke3 a5 50. Kd2 Bh5 51. a3 d4 52. cxd4+ Kxd4 53. Kc2 b4 54. axb4 axb4 55. b3 Bg6+ 56. Kb2 c3+ 0-1

[Event "COL-ch U12 Girls"]
[Site "Bogota"]
[Date "2014.06.02"]
[Round "7"]
[White "Jurado, Yirlei Katherine"]
[Black "Jaraba Andrade, Aura"]
[Result "0-1"]
[WhiteElo "1517"]
[BlackElo "1460"]
[PlyCount "30"]
[EventDate "2014.05.29"]
[EventType "swiss"]
[EventRounds "7"]
[EventCountry "COL"]
[SourceTitle "CBM 160 Extra"]
[Source "ChessBase"]
[SourceDate "2014.07.01"]
[SourceVersion "1"]
[SourceVersionDate "2014.07.01"]
[SourceQuality "1"]

1. e4 e5 2. Nf3 Nc6 3. Nc3 Nf6 4. Bb5 Bb4 5. 0-0 0-0 6. d3 h6 7. h3 Bxc3 8. bxc3 d6 9. Be3 Bd7 10. Qd2 a6 11. Ba4 Re8 12. Bb3 Qe7 13. Rab1 Rad8 14. Nh4 Nxe4 15. dxe4 Qxh4 0-1

[Event "COL-ch U12 Girls"]
[Site "Bogota"]
[Date "2014.05.30"]
[Round "3"]
[White "Jurado, Yirlei Katherine"]
[Black "Riveros, Maria Fernanda"]
[Result "1-0"]
[WhiteElo "1517"]
[BlackElo "1528"]
[PlyCount "57"]
[EventDate "2014.05.29"]
[EventType "swiss"]
[EventRounds "7"]
[EventCountry "COL"]
[SourceTitle "CBM 160 Extra"]
[Source "ChessBase"]
[SourceDate "2014.07.01"]
[SourceVersion "1"]
[SourceVersionDate "2014.07.01"]
[SourceQuality "1"]

1. e4 c5 2. Nf3 d6 3. d4 cxd4 4. Qxd4 Nf6 5. Bg5 e5 6. Qd2 Be7 7. Nc3 b6 8. 0-0-0 Bb7 9. Bb5+ Nbd7 10. Bxf6 Bxf6 11. Qxd6 Bc8 12. Nd5 Bg5+ 13. Kb1 a6 14. Bxd7+ Bxd7 15. Qxe5+ Kf8 16. Nxg5 f6 17. Qd6+ Ke8 18. Ne6 Bxe6 19. Qxe6+ Kf8 20. Nxb6 Qe8 21. Qxe8+ Rxe8 22. f3 Kf7 23. Rd7+ Kg6 24. Rhd1 Rb8 25. Nc4 Rhc8 26. Nd6 Rc6 27. Nf5 Rg8 28. Ne7+ Kh6 29. Nxg8+ 1-0

[Event "Medellin de Segunda Cat. Antioquia"]
[Site "Medellin"]
[Date "2014.03.25"]
[Round "4.23"]
[White "Jaramillo, Juan Guillermo"]
[Black "Jurado, Yirlei Katherine"]
[Result "1/2-1/2"]
[WhiteElo "1582"]
[BlackElo "1539"]
[PlyCount "28"]
[EventDate "2014.03.19"]
[EventType "swiss"]
[EventRounds "7"]
[EventCountry "COL"]
[SourceTitle "EXT 2024"]
[Source "ChessBase"]
[SourceDate "2023.10.10"]
[SourceVersion "1"]
[SourceVersionDate "2023.10.10"]
[SourceQuality "1"]

1. d4 d5 2. c4 c6 3. Nf3 e6 4. Nc3 Nf6 5. Bg5 Nbd7 6. e3 Be7 7. Bd3 dxc4 8. Bxc4 b5 9. Bd3 Bb7 10. 0-0 h6 11. Bh4 0-0 12. Qc2 c5 13. Ne4 Nxe4 14. Bxe4 Rc8 1/2-1/2

[Event "COL-ch U10 Girls"]
[Site "Villavicencio"]
[Date "2013.06.16"]
[Round "7.1"]
[White "Bernal Parra, Eliana Valentina"]
[Black "Jurado, Yirlei Katherine"]
[Result "1-0"]
[WhiteElo "1423"]
[BlackElo "1519"]
[PlyCount "97"]
[EventDate "2013.06.13"]
[EventType "swiss"]
[EventRounds "7"]
[EventCountry "COL"]
[SourceTitle "EXT 2024"]
[Source "ChessBase"]
[SourceDate "2023.10.10"]
[SourceVersion "1"]
[SourceVersionDate "2023.10.10"]
[SourceQuality "1"]

1. e4 c5 2. Nf3 Nc6 3. Nc3 Nf6 4. Bc4 e6 5. d3 d5 6. Bb3 g6 7. Bg5 Bg7 8. Qd2 dxe4 9. dxe4 Qxd2+ 10. Nxd2 h6 11. Bf4 g5 12. Bg3 a6 13. e5 Nh5 14. Nde4 Nxg3 15. Nd6+ Ke7 16. hxg3 Bxe5 17. Nxc8+ Raxc8 18. 0-0-0 b5 19. a4 Bxc3 20. bxc3 c4 21. Ba2 Na5 22. axb5 axb5 23. Rd4 Nc6 24. Rd2 Ra8 25. Bb1 Rhd8 26. Rxh6 Rh8 27. Rxh8 Rxh8 28. f4 gxf4 29. gxf4 Rh4 30. f5 Rh1+ 31. Kb2 Rg1 32. f6+ Kxf6 33. Rd6 Ne5 34. Rb6 Rxg2 35. Rxb5 Re2 36. Ka3 Kg5 37. Rc5 f5 38. Ba2 f4 39. Bxc4 Re4 40. Bxe6 f3 41. Bd5 f2 42. Bxe4 f1Q 43. Rxe5+ Kf4 44. Rf5+ Kxe4 45. Rxf1 Kd5 46. Kb4 Kc6 47. c4 Kb6 48. c5+ Kc6 49. Rf6+ 1-0

[Event "COL-ch U12 Girls"]
[Site "Florencia"]
[Date "2013.06.01"]
[Round "3"]
[White "Jurado, Yirlei Katherine"]
[Black "Fraile Vela, Maria Isabel"]
[Result "1/2-1/2"]
[WhiteElo "1536"]
[BlackElo "1737"]
[PlyCount "21"]
[EventDate "2013.05.31"]
[EventType "swiss"]
[EventRounds "7"]
[EventCountry "COL"]
[SourceTitle "CBM 154 Extra"]
[Source "ChessBase"]
[SourceDate "2013.06.25"]
[SourceVersion "2"]
[SourceVersionDate "2013.06.25"]
[SourceQuality "1"]

1. e4 e5 2. Bc4 Nf6 3. Nf3 Nc6 4. Nc3 Bc5 5. d3 d6 6. h3 Na5 7. Bb3 Nxb3 8. axb3 0-0 9. Bg5 c6 10. 0-0 b5 11. Ne2 1/2-1/2

[Event "Medellin Region IRT op"]
[Site "Medellin"]
[Date "2013.05.19"]
[Round "5"]
[White "Varela, Maria de los Angele"]
[Black "Jurado, Yirlei Katherine"]
[Result "1-0"]
[WhiteElo "1634"]
[BlackElo "1536"]
[PlyCount "37"]
[EventDate "2013.05.16"]
[EventType "swiss"]
[EventRounds "7"]
[EventCountry "COL"]
[SourceTitle "CBM 154 Extra"]
[Source "ChessBase"]
[SourceDate "2013.06.25"]
[SourceVersion "2"]
[SourceVersionDate "2013.06.25"]
[SourceQuality "1"]

1. e4 c6 2. d4 d5 3. exd5 cxd5 4. Nf3 Bf5 5. Nc3 Nf6 6. Bb5+ Bd7 7. Bd3 Nc6 8. Bf4 a6 9. Rb1 Bg4 10. Be2 Qb6 11. Na4 Qa7 12. c3 e6 13. b4 b5 14. Nb2 Ne4 15. Rc1 f6 16. h3 e5 17. hxg4 exf4 18. a4 bxa4 19. Qxa4 1-0

[Event "Medellin Region IRT op"]
[Site "Medellin"]
[Date "2013.05.17"]
[Round "2"]
[White "Castrillon Gomez, Melissa"]
[Black "Jurado, Yirlei Katherine"]
[Result "1-0"]
[WhiteElo "2156"]
[BlackElo "1536"]
[PlyCount "23"]
[EventDate "2013.05.16"]
[EventType "swiss"]
[EventRounds "7"]
[EventCountry "COL"]
[SourceTitle "CBM 154 Extra"]
[Source "ChessBase"]
[SourceDate "2013.06.25"]
[SourceVersion "2"]
[SourceVersionDate "2013.06.25"]
[SourceQuality "1"]

1. e4 e5 2. Nf3 d6 3. d4 Nc6 4. Bc4 Nf6 5. Ng5 d5 6. exd5 Nxd5 7. 0-0 Be7 8. Nxf7 Kxf7 9. Qf3+ Bf6 10. Bxd5+ Kf8 11. Bxc6 bxc6 12. dxe5 1-0

[Event "Antioquia Region-ch U12 Especial"]
[Site "Medellin"]
[Date "2013.04.14"]
[Round "5.6"]
[White "Jurado, Yirlei Katherine"]
[Black "Pineda, Oriana"]
[Result "1-0"]
[WhiteElo "1487"]
[BlackElo "1300"]
[PlyCount "44"]
[EventDate "2013.04.12"]
[EventType "swiss"]
[EventRounds "6"]
[EventCountry "COL"]
[SourceTitle "EXT 2024"]
[Source "ChessBase"]
[SourceDate "2023.10.10"]
[SourceVersion "1"]
[SourceVersionDate "2023.10.10"]
[SourceQuality "1"]

1. Nf3 Nf6 2. g3 Nc6 3. Bg2 e5 4. d3 Be7 5. 0-0 0-0 6. c3 d6 7. Nbd2 Be6 8. Qc2 Qd7 9. a3 Bh3 10. b4 Bxg2 11. Kxg2 b5 12. Bb2 Nh5 13. e4 Qg4 14. Kh1 Nd8 15. Qd1 Ne6 16. Nh4 Qg5 17. Ndf3 Qg4 18. Ng1 Qg5 19. Nh3 Qh6 20. Nf5 Qf6 21. Nxe7+ Qxe7 22. Qxh5 Qf6 1-0

[Event "Antioquia Region-ch U14 Girls"]
[Site "Medellin"]
[Date "2013.04.04"]
[Round "3.2"]
[White "Jurado, Yirlei Katherine"]
[Black "Ramirez, Manuela"]
[Result "1-0"]
[WhiteElo "1487"]
[BlackElo "1595"]
[PlyCount "72"]
[EventDate "2013.04.04"]
[EventType "swiss"]
[EventRounds "5"]
[EventCountry "COL"]
[SourceTitle "EXT 2024"]
[Source "ChessBase"]
[SourceDate "2023.10.10"]
[SourceVersion "1"]
[SourceVersionDate "2023.10.10"]
[SourceQuality "1"]

1. e4 e5 2. Bc4 Bc5 3. Qh5 Qf6 4. Nf3 g6 5. Qxe5+ Qxe5 6. Nxe5 d5 7. Bxd5 Nf6 8. Bxf7+ Ke7 9. d3 Bd4 10. Nf3 Bxf2+ 11. Kxf2 Kxf7 12. Nc3 Nc6 13. Bf4 Nb4 14. Bxc7 Ng4+ 15. Ke2 Nxc2 16. Raf1 Ke8 17. Bf4 Rf8 18. g3 Be6 19. a3 Rd8 20. Nb5 a6 21. Rc1 Bb3 22. Nd6+ Ke7 23. Nxb7 Nd4+ 24. Nxd4 Rxd4 25. Nc5 Be6 26. Nxa6 h6 27. h3 g5 28. Rc7+ Rd7 29. Rxd7+ Bxd7 30. hxg4 Bxg4+ 31. Ke3 gxf4+ 32. gxf4 h5 33. b4 Ra8 34. b5 Bc8 35. Rxh5 Bxa6 36. bxa6 Rxa6 1-0